Transformácia areálu bývalých technických služieb na komunitný areál
Salvato in:
| Autore principale: | |
|---|---|
| Altri autori: | |
| Natura: | Manoscritto Libro |
| Lingua: | slovacco |
| Pubblicazione: |
Bratislava
2017
|
| Soggetti: | |
| Accesso online: | http://is.stuba.sk/zp/portal_zp.pl?podrobnosti=128341 |
| Tags: |
Nessun Tag, puoi essere il primo ad aggiungerne!!
|
MARC
| LEADER | 00000ntm a22000003a 4500 | ||
|---|---|---|---|
| 001 | stuzp63731 | ||
| 003 | SK-STU | ||
| 005 | 20210212080358.5 | ||
| 007 | ta | ||
| 008 | 150427s2015----xo-----f-mn---000-0-slo-d | ||
| 040 | |a STU |b slo | ||
| 041 | 0 | |a slo | |
| 100 | 1 | |a Čelková, Jana |u 058180 |4 aut |U FAD Fakulta architektúry |T FA Ústav architektúry občianskych budov |X 8081 |U A8180 |Y 399 |7 8081 | |
| 242 | 0 | 1 | |a Transformation of former technical services to communal space |y eng |
| 245 | 1 | 0 | |a Transformácia areálu bývalých technických služieb na komunitný areál |
| 260 | |c 2017 |a Bratislava | ||
| 650 | 4 | |a transformácia |2 slo | |
| 650 | 4 | |a bývanie |2 slo | |
| 650 | 4 | |a architektúra |2 slo | |
| 650 | 4 | |a občianska vybavenosť |2 slo | |
| 650 | 4 | |a transformation |2 eng | |
| 650 | 4 | |a living |2 eng | |
| 650 | 4 | |a architecture |2 eng | |
| 650 | 4 | |a public amenities |2 eng | |
| 700 | 1 | |a Žitňanský, Márius |u 058180 |k Z1 |4 ths |U FAD Fakulta architektúry |T FA Ústav architektúry občianskych budov |X 439 |U A8180 |Y 399 |7 A000000439 | |
| 856 | 4 | |u http://is.stuba.sk/zp/portal_zp.pl?podrobnosti=128341 |u https://opac.crzp.sk/?fn=detailBiblioForm&sid=E7FF18FD4FFD5019D8F3EF3CC38C | |